| 000 | 00939cam a2200265 i 4500 | ||
|---|---|---|---|
| 999 |
_c23488 _d23488 |
||
| 001 | 1808268 | ||
| 003 | OSt | ||
| 005 | 20170126114456.0 | ||
| 008 | 790308s1979 ctu b 001 0 eng | ||
| 010 | _a 79010829 | ||
| 020 | _a0300023790 | ||
| 040 |
_aDLC _cDLC _dDLC |
||
| 043 | _ae-uk-en | ||
| 050 | 0 | 0 |
_aPR3034 _b.K47 |
| 082 | 0 | 0 | _a822.3/3 |
| 100 | 1 | _aKernan, Alvin B. | |
| 245 | 1 | 4 |
_aThe playwright as magician : _bShakespeare's image of the poet in the English public theater / _cAlvin B. Kernan. |
| 260 |
_aNew Haven : _bYale University Press, _c1979. |
||
| 300 |
_avii, 164 p. ; _c22 cm. |
||
| 504 | _aIncludes bibliographical references and index. | ||
| 600 | 1 | 0 |
_aShakespeare, William, _d1564-1616 _xKnowledge _xPerforming arts. |
| 650 | 0 |
_aTheater _zEngland _xHistory _y16th century. |
|
| 650 | 0 |
_aDrama _xTechnique. |
|
| 906 |
_a7 _bcbc _corignew _d1 _eocip _f19 _gy-gencatlg |
||
| 942 |
_2lcc _cBOOKS _hPR 2976 .K48 1979 |
||